Amalia

Uloženo v:
Podrobná bibliografie
Hlavní autor: Mármol, José (autor)
Médium: Kniha
Jazyk:španělština
Vydáno: Bogotá Panamericana 1989
Témata:
Tagy: Přidat tag
Žádné tagy, Buďte první, kdo vytvoří štítek k tomuto záznamu!

MARC

LEADER 00000nam a2200000 a 4500
001 UCX2839
003 CL-VaPUC
008 910821e19890000CK |||||||||||||||||spa|d
082 0 4 |a Ar863  |b MAR  |2 21 
100 |a Mármol, José  |e autor  |9 315765 
245 1 0 |a Amalia 
300 |a 553 p 
942 |c BK 
945 |d 19910821 00:00:00 
260 |a Bogotá  |b Panamericana  |c 1989 
650 0 |a Novelas argentinas  |9 267871 
583 |a last modification  |c 19910821 00:00:00  |k Rodrigo Vera 
999 |c 223775  |d 223773 
952 |0 0  |1 0  |4 0  |6 AR_863_000000000000000_MAR_1989  |7 0  |8 R  |9 219875  |a BIBEDU  |b BIBEDU  |c MCIRC  |d 2019-11-15  |i 2885581  |o Ar863 MAR 1989  |p 2885581  |r 2023-01-13  |w 2019-11-15  |y BK_R  |k LIT